Statistics for Oklahoma City Thunder: Leading Scorer Every Year

Click here to take the quiz!

General Stats

  • This quiz has been taken 123 times
    (36 since last reset)
  • The average score is 35 of 53

Answer Stats

YearPlayerAverage% Correct
2007-2008Kevin Durant20.3
100%
2013-2014Kevin Durant32.0
100%
2008-2009Kevin Durant25.3
100%
2009-2010Kevin Durant30.1
100%
2010-2011Kevin Durant27.7
100%
2012-2013Kevin Durant28.1
100%
2011-2012Kevin Durant28.0
100%
2014-2015Russell Westbrook28.1
100%
2015-2016Kevin Durant28.2
100%
2016-2017Russell Westbrook31.6
100%
2017-2018Russell Westbrook25.4
100%
2001-2002Gary Payton22.1
97%
1996-1997Gary Payton21.8
97%
1994-1995Gary Payton20.6
97%
1997-1998Gary Payton19.2
97%
1998-1999Gary Payton21.7
97%
1999-2000Gary Payton24.2
97%
2000-2001Gary Payton23.1
97%
1993-1994Shawn Kemp18.1
94%
1995-1996Shawn Kemp19.6
94%
2018-2019Paul George28.0
90%
2002-2003Ray Allen24.5
77%
2003-2004Ray Allen23.0
77%
2004-2005Ray Allen23.9
77%
2005-2006Ray Allen25.1
77%
2006-2007Ray Allen26.4
77%
2019-2020Shai Gilgeous-Alexander19.0
71%
1980-1981Jack Sikma18.7
61%
1983-1984Jack Sikma19.1
61%
1977-1978Gus Williams18.1
58%
1978-1979Gus Williams19.2
58%
1979-1980Gus Williams22.1
58%
1981-1982Gus Williams23.4
58%
1982-1983Gus Williams20.0
58%
1986-1987Dale Ellis24.9
45%
1987-1988Dale Ellis25.8
45%
1988-1989Dale Ellis27.5
45%
1989-1990Dale Ellis23.5
45%
1990-1991Xavier McDaniel21.8
42%
1976-1977Fred Brown17.2
42%
1975-1976Fred Brown23.1
42%
1985-1986Tom Chambers18.5
35%
1984-1985Tom Chambers21.5
35%
1974-1975Spencer Haywood22.4
32%
1973-1974Spencer Haywood23.5
32%
1972-1973Spencer Haywood29.2
32%
1971-1972Spencer Haywood26.2
32%
1992-1993Ricky Pierce18.2
13%
1991-1992Ricky Pierce21.7
13%
1969-1970Bob Rule24.6
6%
1968-1969Bob Rule24.0
6%
1970-1971Bob Rule29.8
6%
1967-1968Walt Hazzard24.0
3%

Score Distribution

Percentile by Number Answered

Percent of People with Each Score

Your Score History

You have not taken this quiz since the last reset